Educación sexual infantil : (Record no. 104140)

MARC details
000 -CABECERA
campo de control de longitud fija 00674nam a2200217 a 4500
005 - FECHA Y HORA DE LA ÚLTIMA TRANSACCIÓN
campo de control 20241031063721.0
008 - ELEMENTOS DE LONGITUD FIJA--INFORMACIÓN GENERAL
campo de control de longitud fija 040218s1993 ag r 000 0 spa d
020 ## - NÚMERO INTERNACIONAL NORMALIZADO PARA LIBROS
Número Internacional Estándar del Libro 9506180024
035 ## - NÚMERO DE CONTROL DEL SISTEMA
Número de control de sistema UPN01000131985
049 ## - COLECCIÓN
Colección F
050 #4 - SIGNATURA TOPOGRÁFICA DE LA BIBLIOTECA DEL CONGRESO
Número de clasificación HQ56
Número de documento/Ítem H4.3 1993
100 1# - ASIENTO PRINCIPAL--NOMBRE PERSONAL
Nombre de persona Hegeler, Sten,
Fechas asociadas al nombre 1923-
9 (RLIN) 42918
245 10 - MENCIÓN DE TÍTULO
Título Educación sexual infantil :
Resto del título pequeña guía ilustrada /
Mención de responsabilidad, etc. Sten Hegeler ; tr. Rosa Beatriz Fuksman.
250 ## - MENCIÓN DE EDICIÓN
Mención de edición 12a ed.
260 ## - PUBLICACIÓN, DISTRIBUCIÓN, ETC.
Lugar de publicación, distribución, etc. Buenos Aires :
Nombre del editor, distribuidor, etc. Lumen-Hormé,
Fecha de publicación, distribución, etc. 1993.
300 ## - DESCRIPCIÓN FÍSICA
Extensión 42 p. :
Otras características físicas il.
440 #0 - MENCIÓN DE SERIE/ASIENTO SECUNDARIO--TÍTULO
Título Educación sexual
534 ## - NOTA SOBRE LA VERSIÓN ORIGINAL
Frase introductoria Título original:
Mención de título del original Peter and Caroline
650 #2 - ASIENTO SECUNDARIO DE MATERIA - TERMINO TEMATICO
Término de materia o nombre geográfico como elemento de entrada Educacion sexual para niños
9 (RLIN) 3578
905 ## - TIPO DE MATERIAL
Tipo de material Libro
Holdings
Estado de retiro Estado de pérdida Fuente del sistema de clasificación o colocación Estado dañado No para préstamo Código de colección Localización permanente Ubicación/localización actual Ubicación en estantería Fecha de adquisición Total de préstamos Clasificación Código de barras Fecha visto por última vez Número de copia Tipo de ítem Koha
    Library of Congress Classification   Disponible (Préstamo en sala) Folletería Bib. Gregorio Torres Quintero Bib. Gregorio Torres Quintero Colecciones especiales Planta alta 03/05/2023 6 HQ56 H4.3 1993 223658 31/12/2020 1 Folleto
    Library of Congress Classification   Disponible (Préstamo en sala) Folletería Bib. Gregorio Torres Quintero Bib. Gregorio Torres Quintero Colecciones especiales Planta alta 03/05/2023 14 HQ56 H4.3 1993 223657 31/12/2020 1 Folleto